<?xml version="1.0" encoding="UTF-8"?>
<record
    xmlns:xsi="http://www.w3.org/2001/XMLSchema-instance"
    xsi:schemaLocation="http://www.loc.gov/MARC21/slim http://www.loc.gov/standards/marcxml/schema/MARC21slim.xsd"
    xmlns="http://www.loc.gov/MARC21/slim">

  <leader>01778    a2200229   4500</leader>
  <controlfield tag="001">41650</controlfield>
  <controlfield tag="005">20260407155709.0</controlfield>
  <controlfield tag="008">260407a1983    arg                 spa d</controlfield>
  <controlfield tag="003">AR-UNSa-BCEJYS</controlfield>
  <datafield tag="040" ind1=" " ind2=" ">
    <subfield code="a">AR-UNSa-BCEJYS</subfield>
    <subfield code="b">spa</subfield>
    <subfield code="c">AR-UNSa-BCEJYS</subfield>
  </datafield>
  <datafield tag="080" ind1=" " ind2=" ">
    <subfield code="a">341.9</subfield>
    <subfield code="x">Derecho Internacional Privado. Conflictos de Leyes</subfield>
  </datafield>
  <datafield tag="245" ind1="1" ind2="0">
    <subfield code="a">Derecho internacional privado</subfield>
  </datafield>
  <datafield tag="020" ind1=" " ind2=" ">
    <subfield code="a">950-14-0137-5</subfield>
  </datafield>
  <datafield tag="250" ind1=" " ind2=" ">
    <subfield code="a">2a. ed.</subfield>
  </datafield>
  <datafield tag="264" ind1=" " ind2="1">
    <subfield code="a">Buenos Aires :</subfield>
    <subfield code="b">Ediciones Depalma</subfield>
    <subfield code="c">1983</subfield>
  </datafield>
  <datafield tag="300" ind1=" " ind2=" ">
    <subfield code="a">2 v. (692 ; 736 p.)</subfield>
    <subfield code="c">23 cm.</subfield>
  </datafield>
  <datafield tag="505" ind1=" " ind2=" ">
    <subfield code="a">Vol. I: 1. Desarrollo hist&#xF3;rico del concepto del derecho internacional privado - 2. Comparaci&#xF3;n de tendencias conceptuales en los diversos sistemas de derecho internacional privado - 3. Concepto y sistema del derecho internacional privado - 4. El nuevo derecho internacional privado mediante la cooperaci&#xF3;n de las organizaciones internacionales - 5. Jurisdicci&#xF3;n internacional argentina - 6. La norma de conflicto - 7. La norma material - 8. La norma de polic&#xED;a - 9. Personas - 10. Matrimonio - 11. Filiaci&#xF3;n - 12. Adopci&#xF3;n - 13. Rapto internacional de ni&#xF1;os - 14. Cosas - 15. Herencia - 16. Trust - 17. Sociedades comerciales -- Vol. II: 18. Contratos - 19. Letra de cambio - 20. Cheque - 21. Actos il&#xED;citos - 22. Obligaciones en moneda extranjera - 23. Propiedad industrial e intelectual - 24. Concursos - 25. Exhortos - 26. Arbitraje comercial internacional - 27. Reconocimiento y ejecucci&#xF3;n de sentencias extranjeras - 28. El acto administrativo extranjero - 29. Aplicaci&#xF3;n del derecho extranjero - 30. Inmunidad jurisdiccional de los estados y de las organizaciones internacionales - 31. Procesos interjurisdiccionales</subfield>
  </datafield>
  <datafield tag="041" ind1=" " ind2=" ">
    <subfield code="a">spa</subfield>
  </datafield>
  <datafield tag="942" ind1=" " ind2=" ">
    <subfield code="c">BK</subfield>
  </datafield>
  <datafield tag="590" ind1=" " ind2=" ">
    <subfield code="a">niveau_biblio:m niveau_hierar:0</subfield>
  </datafield>
  <datafield tag="100" ind1="1" ind2=" ">
    <subfield code="a">Boggiano, Antonio</subfield>
  </datafield>
  <datafield tag="999" ind1=" " ind2=" ">
    <subfield code="c">3517</subfield>
    <subfield code="d">3517</subfield>
  </datafield>
  <datafield tag="952" ind1=" " ind2=" ">
    <subfield code="0">0</subfield>
    <subfield code="1">0</subfield>
    <subfield code="4">0</subfield>
    <subfield code="7">0</subfield>
    <subfield code="a">BCEJYS</subfield>
    <subfield code="b">BCEJYS</subfield>
    <subfield code="c">16</subfield>
    <subfield code="d">2026-04-07</subfield>
    <subfield code="l">0</subfield>
    <subfield code="o">341.9 B674 v.1 2ed.</subfield>
    <subfield code="p">L53422</subfield>
    <subfield code="r">2026-04-07 15:57:09</subfield>
    <subfield code="w">2026-04-07</subfield>
    <subfield code="y">L</subfield>
  </datafield>
  <datafield tag="952" ind1=" " ind2=" ">
    <subfield code="0">0</subfield>
    <subfield code="1">0</subfield>
    <subfield code="4">0</subfield>
    <subfield code="7">0</subfield>
    <subfield code="a">BCEJYS</subfield>
    <subfield code="b">BCEJYS</subfield>
    <subfield code="c">16</subfield>
    <subfield code="d">2026-04-07</subfield>
    <subfield code="l">0</subfield>
    <subfield code="o">341.9 B674 v.2 2ed.</subfield>
    <subfield code="p">L53423</subfield>
    <subfield code="r">2026-04-07 15:57:09</subfield>
    <subfield code="w">2026-04-07</subfield>
    <subfield code="y">L</subfield>
  </datafield>
</record>
